000
00206 a2200097 4500
001
58086
100
_a
245
_a
Treasure of Khan
260
_a
England
_b
Penguin Books ltd
_c
2006
090
_c
35598
_d
35598
942
_a
NUST-CAE
_c
_c
28444
999
_c
293159
_d
293159